000 00267nam a22001217a 4500
008 170505b xxu||||| |||| 00| 0 eng d
041 _aeng
080 _a34
100 _a114
101 _aSHJ
245 _aCODE FEDERAL REGULATIONS
_cBYRNE.J.E
942 _2udc
_cBK
999 _c12783
_d12783